Hodnotenie likvidity bánk v podmienkach SR diplomová práca

Saved in:
Bibliographic Details
Main Author: Kubišová, Terézia
Corporate Author: Národohospodárska fakulta EU. Katedra bankovníctva a medzinárodných financií
Other Authors: Horvátová, Eva, 1958-
Format: Book
Language:Slovak
Published: Bratislava 2016
Tags: Add Tag
No Tags, Be the first to tag this record!

MARC

LEADER 00000nbm a2200000 4500
001 0217968
005 20161124145833.6
041 0 |a slo 
044 |a SK 
245 1 0 |a Hodnotenie likvidity bánk v podmienkach SR  |b diplomová práca  |c Terézia Kubišová ; školiteľ: Eva Horvátová 
264 1 |a Bratislava  |c 2016 
300 |a 97 s. 
100 1 |a Kubišová, Terézia 
700 1 |a Horvátová, Eva, 1958- 
710 2 |a Národohospodárska fakulta EU. Katedra bankovníctva a medzinárodných financií